LIBRARY ONLINE CATALOGUE

Cooperative finance : (Record no. 16264)

MARC details
000 -LEADER
fixed length control field 00761nam a22002172 4500
001 - CONTROL NUMBER
control field 0000006036
003 - CONTROL NUMBER IDENTIFIER
control field OSt
005 - DATE AND TIME OF LATEST TRANSACTION
control field 20161202112320.0
008 - FIXED-LENGTH DATA ELEMENTS--GENERAL INFORMATION
fixed length control field 070912s xx 000 0 eng d
020 ## - INTERNATIONAL STANDARD BOOK NUMBER
International Standard Book Number 9966703616 :
Terms of availability KES 1,800
040 ## - CATALOGING SOURCE
Original cataloging agency KABU
Transcribing agency KABU
050 ## - LIBRARY OF CONGRESS CALL NUMBER
Classification number HG4027.4
Item number .M35 c. 3
100 1# - MAIN ENTRY--PERSONAL NAME
Personal name Maina, David T.
245 10 - TITLE STATEMENT
Title Cooperative finance :
Remainder of title a financial management book for savings and credit cooperatives.
260 ## - PUBLICATION, DISTRIBUTION, ETC. (IMPRINT)
Place of publication, distribution, etc. Nairobi :
Name of publisher, distributor, etc. Regional Institute for Cooperatives Development,
Date of publication, distribution, etc. 2007.
300 ## - PHYSICAL DESCRIPTION
Extent xvi, 476 p.
650 #0 - SUBJECT ADDED ENTRY--TOPICAL TERM
Topical term or geographic name as entry element Cooperative societies
General subdivision Finance.
908 ## - PUT COMMAND PARAMETER (RLIN)
Put command parameter 070912
942 ## - ADDED ENTRY ELEMENTS (KOHA)
Source of classification or shelving scheme Library of Congress Classification
Koha item type General Collection
Classification part HG4027.4
Item part HG4027.4. M35 c. 3
Holdings
Withdrawn status Lost status Source of classification or shelving scheme Not for loan Home library Current library Date acquired Total Checkouts Full call number Barcode Date last seen Copy number Price effective from Koha item type
    Library of Congress Classification   Kabarak, Main Campus Kabarak, Main Campus 02/12/2016   HG4027.4 .M35 c. 3 027033 02/12/2016 c. 3 02/12/2016 General Collection